Dynamický model HDP Slovenskej republiky dizertačná práca

Salvato in:
Dettagli Bibliografici
Autore principale: Pastoreková, Silvia, 1985-
Ente Autore: Fakulta hospodárskej informatiky EU. Katedra štatistiky
Altri autori: Rublíková, Eva
Natura: Libro
Lingua:slovacco
Pubblicazione: Bratislava 2013
Soggetti:
Tags: Aggiungi Tag
Nessun Tag, puoi essere il primo ad aggiungerne!!

MARC

LEADER 00000nbm a2200000 4500
001 0176296
005 20240502073015.3
041 0 |a slo 
044 |a SK 
245 1 0 |a Dynamický model HDP Slovenskej republiky  |b dizertačná práca  |c Silvia Pastoreková ; školiteľ: Eva Rublíková 
264 1 |a Bratislava  |c 2013 
300 |a 134 s. 
610 2 0 |a produkt domáci hrubý 
610 2 0 |a modely dynamické 
610 2 0 |a modely dynamické časové 
100 1 |a Pastoreková, Silvia, 1985- 
700 1 |a Rublíková, Eva 
710 2 |a Fakulta hospodárskej informatiky EU. Katedra štatistiky